000 00692cab a2200217 4500
001 ABS55416
008 090401t1996 xxu||||| |||| 00| 0 eng d
035 _a(Sirsi) u16281
041 _aeng
245 _aMetrication and conveyancing descriptions
260 _c1996
350 _a0
490 _aProperty Law
_v(19) February 1996, 4-7(4)
520 _aExamines the European Union Council Directive promoting a policy of phasing out units of measurement which are incompatible with the international metric systems.
650 _aEU DIRECTIVES
650 _aMeasurement
_96256
650 _aMETRICATION
690 _aPROPERTY LAW AND PRACTICE
942 _n0
948 _c04/03/1997
999 _c10702
_d10702